000 00546aas a2200169 4500
999 _c50535
_d50535
001 768714001
003 CO-MdFUSB
005 20171007094057.0
008 171007s1995 cr ||||| |||| 00| 0 spa d
040 _aCO-MdFUSB
_bspa
_cCO-MdFUSB
_dCO-MdFUSB
041 _aspa
100 1 _aSoto Gould, Jorge Luis
_eautor
245 1 0 _aRaíces
_c/ Soto Gould, Jorge Luis
300 _aVolumen 3. Número 12 (1995), páginas 189
_c: 28 cm
773 0 _tConquista Cristiana
_049446
_960309
_gVolumen 3. Número 12 (1995), páginas 189
_qPágina 189
942 _cANA